Come wind, come weather : (Record no. 5617)
[ view plain ]
| 000 -LEADER | |
|---|---|
| fixed length control field | 00650cam a2200229Ia 4500 |
| 001 - CONTROL NUMBER | |
| control field | 33749 |
| 003 - CONTROL NUMBER IDENTIFIER | |
| control field | GBCCL |
| 005 - DATE AND TIME OF LATEST TRANSACTION | |
| control field | 20241126110546.0 |
| 008 - FIXED-LENGTH DATA ELEMENTS--GENERAL INFORMATION | |
| fixed length control field | 820907s1960 ilu 000 0 eng d |
| 035 ## - SYSTEM CONTROL NUMBER | |
| System control number | (OCoLC)08749069 |
| 040 ## - CATALOGING SOURCE | |
| Original cataloging agency | MSB |
| Transcribing agency | MSB |
| Modifying agency | OMT |
| 049 ## - | |
| -- | LBBK |
| -- | 1-3 |
| 050 ## - | |
| -- | BR1285 |
| -- | .L9 1960 |
| 082 ## - DEWEY DECIMAL CLASSIFICATION NUMBER | |
| Classification number | 275.1 |
| Item number | LYA |
| 092 ## - LOCALLY ASSIGNED DEWEY CALL NUMBER (OCLC) | |
| Classification number | 275.1 |
| Item number | L981 |
| 100 1# - MAIN ENTRY--PERSONAL NAME | |
| Personal name | Lyall, Leslie T. |
| 9 (RLIN) | 10153 |
| 245 10 - TITLE STATEMENT | |
| Title | Come wind, come weather : |
| Remainder of title | the present experience of the church in China / |
| Statement of responsibility, etc. | by Leslie T. Lyall. |
| 260 ## - PUBLICATION, DISTRIBUTION, ETC. | |
| Place of publication, distribution, etc. | Chicago : |
| Name of publisher, distributor, etc. | Moody Press, |
| Date of publication, distribution, etc. | c1960. |
| 300 ## - PHYSICAL DESCRIPTION | |
| Extent | 128 p. ; |
| Dimensions | 17 cm. |
| 651 #0 - SUBJECT ADDED ENTRY--GEOGRAPHIC NAME | |
| Geographic name | China |
| General subdivision | Church history. |
| 9 (RLIN) | 10154 |
| 942 ## - ADDED ENTRY ELEMENTS (KOHA) | |
| Source of classification or shelving scheme | Dewey Decimal Classification |
| Koha item type | Books |
| Withdrawn status | Lost status | Source of classification or shelving scheme | Damaged status | Not for loan | Home library | Current Library | Shelving location | Date acquired | Total checkouts | Full call number | Barcode | Date last seen | Copy number | Price effective from | Koha item type |
|---|---|---|---|---|---|---|---|---|---|---|---|---|---|---|---|
| Dewey Decimal Classification | GRACE BIBLE COLLEGE | GRACE BIBLE COLLEGE | Church History | 2018-04-02 | 275.1 LYA | 005318 | 2025-05-01 | c.1 | 2018-04-02 | Books |